Teams Beaten by ARGENTINA When Winning the FIFA World Cup - Statistics

General Stats
  • This quiz has been taken 51 times
  • The average score is 14 of 17
Answer Stats
FIFA World
Cup Year
Stage Answer % Correct
1978 Group Stage France
100%
2022 Final France
100%
1978 Final Netherlands
94%
2022 Quarter-finals Netherlands
94%
2022 Semi-finals Croatia
90%
1978 Second Group Stage Poland
90%
2022 Group Stage Poland
90%
1986 Semi-finals Belgium
85%
1986 Quarter-finals England
85%
2022 Group Stage Mexico
85%
1978 Second Group Stage Peru
85%
2022 Round of 16 Australia
81%
1986 Final West Germany
79%
1986 Round of 16 Uruguay
77%
1986 Group Stage South Korea
71%
1978 Group Stage Hungary
65%
1986 Group Stage Bulgaria
58%
No matching quizzes found
Score Distribution
Percent of People with Each Score
Percentile by Number Answered
Your Score History
You have not taken this quiz